=LDR 00000nam 2200000 4500 =001 INLIS000000000014703 =005 20200225071543 =035 ##$$a 0010-061300000014703 =008 200225################g##########0#ind## =041 ##$$a Ind =082 ##$$a 173 =090 ##$$a 173, Car d =100 ##$$a Carlson, Richard =245 1#$$a Don't sweat the small stuff for men =, Jangan meributkan masalah kecil buat pria : $b Cara sederhana mengurangi stress dan menjadi lebih santai /$c Richard Carlson : alih bahasa T. Hermaya =260 ##$$a Jakarta :$b Gramedia,$c 2003 =300 ##$$a xix, 281 hlm. ; $c 13x20 cm. =650 #4$$a Etika hubungan keluarga =700 #$$a Hermaya, T =850 ##$$a NBPNMAT =020 ##$$a 979-22-0558-6 =084 ##$$a 173 CAR d =990 ##$$a 30502158 =990 ##$$a 30502160